<marc:collection xmlns:xsi="http://www.w3.org/2001/XMLSchema-instance" xmlns:marc="http://www.loc.gov/MARC21/slim" xsi:schemaLocation="http://www.loc.gov/MARC21/slim http://www.loc.gov/standards/marcxml/schema/MARC21slim.xsd">
    <marc:record>
        <marc:leader>     nam a22        4500</marc:leader>
        <marc:controlfield tag="001">ksut.21/831002064</marc:controlfield>
        <marc:controlfield tag="003">nljbp</marc:controlfield>
        <marc:controlfield tag="005">240918095052.4</marc:controlfield>
        <marc:controlfield tag="007">tz</marc:controlfield>
        <marc:controlfield tag="008">      s1963    ne |||||||||||||||||deu|d</marc:controlfield>
        <marc:datafield tag="010" ind1=" " ind2=" ">
            <marc:subfield code="a">  0073028182</marc:subfield>
        </marc:datafield>
        <marc:datafield tag="020" ind1=" " ind2=" ">
            <marc:subfield code="a">9789060321775</marc:subfield>
            <marc:subfield code="q">(Hardbound)</marc:subfield>
        </marc:datafield>
        <marc:datafield tag="040" ind1=" " ind2=" ">
            <marc:subfield code="a">nljbp</marc:subfield>
            <marc:subfield code="b">eng</marc:subfield>
            <marc:subfield code="c">nljbp</marc:subfield>
            <marc:subfield code="d">nljbp</marc:subfield>
        </marc:datafield>
        <marc:datafield tag="050" ind1="0" ind2="0">
            <marc:subfield code="a">KBR3636</marc:subfield>
        </marc:datafield>
        <marc:datafield tag="084" ind1=" " ind2="7">
            <marc:subfield code="a">HRLM</marc:subfield>
            <marc:subfield code="q">bicssc</marc:subfield>
        </marc:datafield>
        <marc:datafield tag="084" ind1=" " ind2=" ">
            <marc:subfield code="a">REL008000</marc:subfield>
            <marc:subfield code="q">bisacsh</marc:subfield>
        </marc:datafield>
        <marc:datafield tag="100" ind1="1" ind2=" ">
            <marc:subfield code="a">Flatten, Heinrich</marc:subfield>
            <marc:subfield code="e">author</marc:subfield>
        </marc:datafield>
        <marc:datafield tag="245" ind1="1" ind2="0">
            <marc:subfield code="a">Die Häresieverdacht im Codex iuris canonici</marc:subfield>
            <marc:subfield code="c">Heinrich Flatten</marc:subfield>
        </marc:datafield>
        <marc:datafield tag="264" ind1=" " ind2="1">
            <marc:subfield code="a">Amsterdam ;</marc:subfield>
            <marc:subfield code="a">Philadelphia :</marc:subfield>
            <marc:subfield code="b">John Benjamins Publishing Company,</marc:subfield>
            <marc:subfield code="c">1963</marc:subfield>
        </marc:datafield>
        <marc:datafield tag="264" ind1=" " ind2="4">
            <marc:subfield code="c">©1963</marc:subfield>
        </marc:datafield>
        <marc:datafield tag="300" ind1=" " ind2=" ">
            <marc:subfield code="a">388</marc:subfield>
            <marc:subfield code="f">pages</marc:subfield>
            <marc:subfield code="a">388 pp.</marc:subfield>
            <marc:subfield code="c">245 mm. x 164mm.</marc:subfield>
        </marc:datafield>
        <marc:datafield tag="336" ind1=" " ind2=" ">
            <marc:subfield code="a">text</marc:subfield>
            <marc:subfield code="b">txt</marc:subfield>
            <marc:subfield code="2">rdacontent</marc:subfield>
        </marc:datafield>
        <marc:datafield tag="490" ind1="0" ind2=" ">
            <marc:subfield code="a">Kanonistische Studien und Texte</marc:subfield>
            <marc:subfield code="v">21</marc:subfield>
        </marc:datafield>
        <marc:datafield tag="505" ind1="0" ind2=" ">
            <marc:subfield code="a">
          A. Zur Geschichte des Häresieverdachts -- § 1. Der Inquisitionsprozeß -- § 2. Purgatio canonica, abiuratio haeresis und Folter im Verfahren gegen Häresieverdächtige -- § 3. Die weite Fassung des Häresieverdachtsbegriffes -- B. Der Häresieverdacht im Codex Iuris Canonici -- § 4. Der Verdacht im Strafrecht des Kodex im allgemeinen -- § 5. Der Tatbestand des Häresieverdachts -- § 6. Das strafrechtliche Verfahren gegen Häresieverdächtige -- § 7. Die Einordnung des Häresieverdachts in das Strafrechtssystem des Kodex -- A. Der Häresieverdacht bei Förderung der Häresie und bei Teilnahme an häretischen Kulthandlungen (c. 2316 ) -- § 8. Die Förderung der Häresie -- § 9. Die Teilnahme an häretischen Kulthandlungen -- B. Der Häresieverdacht bei nichtkatholischer Kindererziehung (c. 2319) -- § 10. Die drei Deliktsformen nach c. 2319 § 1 nn. 2–4 -- § 11. Die Frage nach dem Häresieverdacht bei der Trauung vor einem nichtkatholischen Religionsdiener -- C. Der Häresieverdacht bei Profanierung der Eucharistie (c. 2320) -- § 12. Der Häresieverdacht des c. 2320 -- D. Der Häresieverdacht bei der Appellation vom Papst an ein Generalkonzil (c. 2332) -- § 13. Die Glaubenslehre über das Verhältnis von Papst und Konzil und ihre Verankerung im Kodex -- § 14. Das Delikt der Appellation vom Papst an ein Generalkonzil in seiner geschichtlichen Entwicklung -- § 15. Das Delikt der Appellation vom Papst an ein Generalkonzil nach dem Codex Iuris Canonici -- E. Der Häresieverdacht bei hartnäckigem Verharren in der Exkommunikation (c. 2340 § 1) -- § 16. Der Grund des Häresieverdachts bei c. 2340 § 1 -- § 17. Die Voraussetzungen zum Häresieverdacht des c. 2340 § 1 -- § 18. Das Verfahren des Häresieverdachts bei c. 2340 § 1 -- F. Der Häresieverdacht bei Simonie gegenüber der Weihe und den Sakramenten (c. 2371) -- § 19. „Haeresis simoniaca” -- § 20. Die Bedingungen für den Häresieverdacht des c. 2371
        </marc:subfield>
        </marc:datafield>
        <marc:datafield tag="520" ind1=" " ind2=" ">
            <marc:subfield code="a"/>
            <marc:subfield code="c">Provided by publisher.</marc:subfield>
        </marc:datafield>
        <marc:datafield tag="650" ind1="0" ind2="4">
            <marc:subfield code="a">Miscellaneous</marc:subfield>
        </marc:datafield>
        <marc:datafield tag="700" ind1="1" ind2=" ">
            <marc:subfield code="a">Flatten, Heinrich</marc:subfield>
            <marc:subfield code="e">author</marc:subfield>
        </marc:datafield>
        <marc:datafield tag="856" ind1="4" ind2="0">
            <marc:subfield code="z">DOI</marc:subfield>
            <marc:subfield code="u">https://doi.org/10.1075/ksut.21</marc:subfield>
        </marc:datafield>
        <marc:datafield tag="856" ind1="4" ind2="0">
            <marc:subfield code="z">JB e-Platform</marc:subfield>
            <marc:subfield code="u">https://www.jbe-platform.com/content/books/9789060321775</marc:subfield>
        </marc:datafield>
    </marc:record>
</marc:collection>